000 01314nam a22003135a 4500
001 15032558
005 20071003134524.0
008 071003s2008 mau 000 0 eng
010 _a 2007938692
020 _a9780387685656 (hardcover : alk. paper)
020 _a9780387685670 (ebook : alk. paper)
040 _aDLC
_cDLC
082 _222
_a621.3821
_bADV
245 0 0 _aAdvances in wireless ad hoc and sensor networks /
_cEdited by Maggie Xiaoyan Cheng, Deying Li.
260 _aNew York :
_bSpringer,
_cc2008.
263 _a0802
300 _avii, 311 p. ;
_bill.;
_c24 cm.
440 0 _aSignals and communication technology
_x1860-4862
_93507
504 _aIncludes bibliographical references and index.
650 _aAd hoc networks
_x(Computer networks)
_93508
650 _aSensor networks.
_xMathematical models.
_93509
650 _aSensor networks.
_93510
700 1 _aCheng, Maggie Xiaoyan.
_93511
700 1 _aLi, Deying.
_93512
942 _2ddc
_cBB
999 _c11259
_d11259